| 000 | 00725nam a22002177a 4500 | ||
|---|---|---|---|
| 003 | BD-DhUL | ||
| 005 | 20181106101224.0 | ||
| 008 | 181106s1399 ii p|||| |||| 00| 0 eng d | ||
| 020 | _a9788172150976 | ||
| 040 |
_aBD-DhUL _cBD-DhUL |
||
| 082 |
_a294.5923 _bCHM |
||
| 100 | 0 | 1 | _aচক্রবর্তী, বিষ্ণুপদ |
| 245 | 0 | 1 |
_aমহাভারত / _cবিষ্ণুপদ চক্রবর্তী |
| 250 | _a১ম | ||
| 260 |
_aকলকাতা : _bআনন্দ, _c1399. |
||
| 300 |
_a১৬০ পৃ. : _bচিত্র, মানচিত্র ; _c২১ সেমি |
||
| 365 |
_aRS _b250 |
||
| 650 | 0 | _aহিন্দুধর্ম | |
| 650 | 0 | _aHinduism | |
| 942 |
_2ddc _cBK |
||
| 999 |
_c244394 _d244394 |
||